Responses for Show #7527 - Tuesday, May 9, 2017

2017 Teachers Tournament quarterfinal game 2.

Contestants

[<< previous game]

Eduardo Sevilla, an 8th through 12th grade math teacher from Vienna, Virginia

Mary Parker, a high school French and English teacher from Rogers, Arkansas

Sara Holub, a high school choir teacher from Green Bay, Wisconsin

[next game >>]

Jeopardy! Round responses

GENIUS.
(Alex: The National Geographic Channel's series on Albert Einstein, which is currently airing.)
EDUCATIONAL FILMS
FIRST NAMES IN THE DICTIONARY
FOREIGN GEOGRAPHIC TERMS
SMALL ENOUGH TO FIT
ON A POSTAGE STAMP
    $200 9
the theory of relativity

Mary
    $200 10
Tina Fey

Sara
    $200 1
tony

Sara
    $200 6
an island

Mary
    $200 8
onesie

Sara
    $200 21
Uncle Sam

Sara
    $400 16
the Nobel Prize

Eduardo
    $400 11
(Alex: And that was [*]; boom, boom.)

Fist Fight

Triple Stumper
    $400 2
clay

Mary
    $400 7
(Sara: Ah, what is... rubber?)
(Mary: What is a... pill?)

a volcano

SaraMaryEduardo
    $400 17
sequins

Mary
    $400 22
Tarzan

Mary
    $600 28
atoms

Triple Stumper
    $600 12
Miss Jean Brodie

Sara
    $600 3
gene

Sara
    $600 15
mountain

Sara
    $600 18
Maurice Sendak

Triple Stumper
    $600 23
an egg cream

Mary
    $800 29
J. Edgar Hoover

Sara
    $800 13
Cameron Diaz

Sara
    $800 4
sherry

Triple Stumper
    $800 26
a beach

Mary
    $1,000 19
American Girl

Mary
    $800 24
Grand Teton National Park

Sara
    $1000 30
the patent office

Eduardo
    $1000 14
Edward James Olmos

Mary
    $1000 5
kirk

Mary
    $1000 27
(Mary: What is a... waterfall?)

a river

Mary
Triple Stumper
    $1000 20
a ferret

Mary
    $1000 25
a conch shell

Mary

Scores at the first commercial break (after clue 15):

Sara Mary Eduardo
$2,800 $2,400 $400

Scores at the end of the Jeopardy! Round:

Sara Mary Eduardo
$4,600 $6,600 $1,800

Double Jeopardy! Round responses

PEOPLE ON THE PAGE
SOUTH AMERICA
INCLUDED & EXCLUDED
DECEMBER 2016
"FIELD" TRIP
I'M GOING TO HAVE TO CONFISCATE THAT
(Alex: You've heard that many, many times. You may have said it yourself.)
    $400 10
Dr. Frankenstein

Sara
    $400 8
the Amazon

Sara
    $400 1
(Alex: [*], yes; at the moment, Queen Elizabeth.)

the sovereign

Mary
    $400 3
Boeing

Eduardo
    $400 5
Springfield (Illinois)

Mary
    $400 7
a hoverboard

Sara
    $2,000 11
(Alex: Sara?)
(Sara: Who is... Captain Kidd?)
(Alex: No, who is [*]?)
(Sara: Oh!)
(Alex: The revenge he seeks is on the great white whale.)

Captain Ahab

Sara
    $800 9
Colombia

Eduardo
    $800 2
the U.S. Open in golf

Eduardo
    $800 4
Aleppo

Eduardo
    $800 6
track & field

Eduardo
    $800 25
(Sara: What is... Boggle?)

Scrabble

SaraEduardo
    $1200 12
the Hells Angels

Mary
    $1200 22
Quechua

Mary
    $1200 18
a felony

Mary
    $1200 21
George Michael

Sara
    $1200 15
a field mouse

Mary
    $1200 26
Shailene Woodley

Mary
    $1600 13
Dashiell Hammett

Mary
    $1600 23
Lake Titicaca

Eduardo
    $1600 19
submarines

Mary
    $1600 29
South Korea

Sara
    $1600 16
Garfield

Mary
    $1600 27
Pitch Perfect

Sara
    $2000 14
"The Short Happy Life of Francis Macomber"

Triple Stumper
    $4,000 24
Che Guevara

Eduardo
    $2000 20
China

Eduardo
    $2000 30
(Alex: You are right, President of France.)

François Hollande

Mary
    $2000 17
potter's field

Sara
    $2000 28
(Mary: What is... Tosh 2.0... [*]?)

Daniel Tosh

Mary

Scores at the end of the Double Jeopardy! Round:

Sara Mary Eduardo
$9,400 $22,200 $13,800

Final Jeopardy! Round responses

FAMOUS TEACHERS
(Alex: [To Sara] [*], you are right; the famous Monkey Trial.)
...
(Alex: [To Eduardo] He misread the clue and went for the attorney who was opposite William Jennings Bryan.)
...
(Alex: [To Mary] She was writing something first. It looked like, what, "D"--)
(Mary: I was writing Darrow.)
SaraWho was Scopes?
$5,000
EduardoWho is C. Darrow
$1,795
MaryWho is Dar Scopes
$4,450
John Scopes

Final scores:

Sara Mary Eduardo
$14,400 $26,650 $12,005
2nd place: $5,000 if eliminated Automatic semifinalist 3rd place: $5,000 if eliminated

Game dynamics:

Coryat scores:

Sara Mary Eduardo
$11,400 $22,000 $11,800
17 R,
3 W
(including 1 DD)
24 R
(including 1 DD),
2 W
12 R
(including 1 DD),
0 W

Combined Coryat: $45,200

[game clues] [game scores] [suggest correction]

Game tape date: 2017-03-21
The J! Archive is created by fans, for fans. Scraping, republication, monetization, and malicious use prohibited; this site may use cookies and collect identifying information. See terms. The Jeopardy! game show and all elements thereof, including but not limited to copyright and trademark thereto, are the property of Jeopardy Productions, Inc. and are protected under law. This website is not affiliated with, sponsored by, or operated by Jeopardy Productions, Inc. Join the discussion at JBoard.tv.